BUSINESS FOR PUNKS : (Record no. 9976)
[ view plain ]
| 000 -LEADER | |
|---|---|
| fixed length control field | 00605nam a22001817a 4500 |
| 003 - CONTROL NUMBER IDENTIFIER | |
| control field | OSt |
| 005 - DATE AND TIME OF LATEST TRANSACTION | |
| control field | 20260312123209.0 |
| 008 - FIXED-LENGTH DATA ELEMENTS--GENERAL INFORMATION | |
| fixed length control field | 260312b |||||||| |||| 00| 0 eng d |
| 010 ## - LIBRARY OF CONGRESS CONTROL NUMBER | |
| LC control number | 2015048349 |
| 020 ## - INTERNATIONAL STANDARD BOOK NUMBER | |
| International Standard Book Number | 9781101979921 |
| 040 ## - CATALOGING SOURCE | |
| Transcribing agency | PORTFOLIO / PENGUIN |
| 050 ## - LIBRARY OF CONGRESS CALL NUMBER | |
| Classification number | HD 9397 .G72 2016 |
| Item number | .G72 2016 |
| 245 ## - TITLE STATEMENT | |
| Title | BUSINESS FOR PUNKS : |
| Remainder of title | BREAL ALL THE ULES- THE BREWDOG WAY/ |
| Statement of responsibility, etc. | Watt , JAMES |
| 250 ## - EDITION STATEMENT | |
| Edition statement | 1ST EDITION |
| 260 ## - PUBLICATION, DISTRIBUTION, ETC. | |
| Place of publication, distribution, etc. | NewYork: |
| Name of publisher, distributor, etc. | Portfolio / Penguin, |
| Date of publication, distribution, etc. | 2016 |
| 300 ## - PHYSICAL DESCRIPTION | |
| Extent | xi, 239 pages, |
| Other physical details | hardcover, includes bibliographic reference and index, |
| Dimensions | ill . : col, 21.5cm, |
| 942 ## - ADDED ENTRY ELEMENTS (KOHA) | |
| Source of classification or shelving scheme | Library of Congress Classification |
| Koha item type | Books |
| Edition | 1st ed. |
| Suppress in OPAC | No |
| Withdrawn status | Lost status | Source of classification or shelving scheme | Damaged status | Not for loan | Home library | Current library | Date acquired | Total checkouts | Full call number | Barcode | Date last seen | Price effective from | Koha item type |
|---|---|---|---|---|---|---|---|---|---|---|---|---|---|
| Dewey Decimal Classification | PIU Library | Main Library | 03/12/2026 | HD 9397 .G72 2016 | PIUDLMUR946 | 03/12/2026 | 03/12/2026 | Books |